| 000 | 01018nam a22002537a 4500 | ||
|---|---|---|---|
| 005 | 20090711122251.0 | ||
| 008 | 090711t xxu||||| |||| 00| 0 mard | ||
| 010 | _aMAR-20097 | ||
| 020 |
_a9788174868022 _c120.00 |
||
| 035 | _aMR-12755 | ||
| 037 | _bDBAD / PUB | ||
| 040 |
_aDPL _bMA |
||
| 082 | _a720 | ||
| 100 | _aरानडे, फिरोझ | ||
| 245 |
_aइमारत / _cफिरोझ रानडे |
||
| 246 |
_aImart _bby Phiroj Rande |
||
| 260 |
_aमुबंई _bमौज प्रकाशन गृह _c2009 |
||
| 270 |
_aखटाववाडी, गिरगाव _bमुबंई _e400004 |
||
| 300 |
_aबारा,2124पृ _c22सेमी (अजिल्द) |
||
| 650 | _2स्थापत्यशास्त्र | ||
| 650 | _2Architecture | ||
| 942 |
_2ddc _cMR _mरानडे _h720 |
||
| 999 |
_c28181 _d28181 |
||